MARC details
| 000 -CABECERA |
| campo de control de longitud fija |
03801nam a2200409 i 4500 |
| 001 - NÚMERO DE CONTROL |
| campo de control |
9952519043605158 |
| 005 - FECHA Y HORA DE LA ÚLTIMA TRANSACCIÓN |
| campo de control |
20260304102634.0 |
| 006 - CÓDIGOS DE INFORMACIÓN DE LONGITUD FIJA--CARACTERÍSTICAS DEL MATERIAL ADICIONAL |
| campo de control de longitud fija |
m|||||o||d|||||||| |
| 007 - CAMPO FIJO DE DESCRIPCIÓN FÍSICA--INFORMACIÓN GENERAL |
| campo de control de longitud fija |
cr|||||||||||| |
| 008 - DATOS DE LONGITUD FIJA--INFORMACIÓN GENERAL |
| campo de control de longitud fija |
180111s2021||||enk o ||1 0|eng|d |
| 020 ## - NÚMERO INTERNACIONAL ESTÁNDAR DEL LIBRO |
| Número Internacional Estándar del Libro |
9781108609197 |
| 020 ## - NÚMERO INTERNACIONAL ESTÁNDAR DEL LIBRO |
| Número Internacional Estándar del Libro |
9781316999448 |
| 020 ## - NÚMERO INTERNACIONAL ESTÁNDAR DEL LIBRO |
| Número Internacional Estándar del Libro |
9781108670289 |
| 035 ## - NÚMERO DE CONTROL DEL SISTEMA |
| Número de control de sistema |
(CKB)5590000000447598 |
| 035 ## - NÚMERO DE CONTROL DEL SISTEMA |
| Número de control de sistema |
(UkCbUP)CR9781108670289 |
| 035 ## - NÚMERO DE CONTROL DEL SISTEMA |
| Número de control de sistema |
(PPN)255280165 |
| 035 ## - NÚMERO DE CONTROL DEL SISTEMA |
| Número de control de sistema |
(MiAaPQ)EBC31852910 |
| 035 ## - NÚMERO DE CONTROL DEL SISTEMA |
| Número de control de sistema |
(Au-PeEL)EBL31852910 |
| 035 ## - NÚMERO DE CONTROL DEL SISTEMA |
| Número de control de sistema |
(EXLCZ)995590000000447598 |
| 040 ## - FUENTE DE LA CATALOGACIÓN |
| Centro catalogador/agencia de origen |
UkCbUP |
| Lengua de catalogación |
eng |
| Normas de descripción |
rda |
| Centro/agencia transcriptor |
UkCbUP |
| 041 ## - CÓDIGO DE LENGUA |
| Código de lengua del texto/banda sonora o título independiente |
English |
| 050 #4 - SIGNATURA TOPOGRÁFICA DE LA BIBLIOTECA DEL CONGRESO |
| Número de clasificación |
ML3540.7 |
| Número de documento/Ítem |
.C36 2021 |
| 245 04 - MENCIÓN DE TÍTULO |
| Título |
The Cambridge companion to video game music |
| Mención de responsabilidad, etc. |
/ edited by Melanie Fritsch, Tim Summers. |
| 250 ## - MENCIÓN DE EDICIÓN |
| Mención de edición |
First edition. |
| 264 #1 - PRODUCCIÓN, PUBLICACIÓN, DISTRIBUCIÓN, FABRICACIÓN Y COPYRIGHT |
| Producción, publicación, distribución, fabricación y copyright |
Cambridge : |
| Nombre del de productor, editor, distribuidor, fabricante |
Cambridge University Press, |
| Fecha de producción, publicación, distribución, fabricación o copyright |
2021. |
| 300 ## - DESCRIPCIÓN FÍSICA |
| Extensión |
xxxv, 446 pages |
| 490 1# - MENCIÓN DE SERIE |
| Mención de serie |
Cambridge companions to music |
| 504 ## - NOTA DE BIBLIOGRAFÍA, ETC. |
| Nota de bibliografía, etc. |
Includes bibliographical references and index. |
| 505 0# - NOTA DE CONTENIDO CON FORMATO |
| Nota de contenido con formato |
A Landmark Timeline of Video Game Music — Foreword: The Collaborative Art of Game Music — Part I Chiptunes — Before Red Book: Early Video Game Music and Technology — Chiptune, Ownership and the Digital Underground — Waveform Wizard: An Interview with Composer Junko Ozawa — Part II Creating and Programming Game Music — Building Relationships: The Process of Creating Game Music — The Inherent Conflicts of Musical Interactivity in Video Games — The Triple Lock of Synchronization — ‘Less Music, Now!’ New Contextual Approaches to Video Game Scoring — Composing for Independent Games: The Music of Kentucky Route Zero — Part III Analytical Approaches to Video Game Music — Music Games — Autoethnography, Phenomenology and Hermeneutics — Interacting with Soundscapes: Music, Sound Effects and Dialogue in Video Games — Analytical Traditions and Game Music: Super Mario Galaxy as a Case Study — Semiotics in Game Music — Game – Music – Performance: Introducing a Ludomusicological Theory and Framework — Part IV Realities, Perception and Psychology — A Step Back from Reality: Sound and Presence in Computer Games and Other Worlds — Audio and the Experience of Gaming: A Cognitive-Emotional Approach to Video Game Sound — Psychophysiological Approaches to Sound and Music in Games — Part V Game Music, Contexts and Identities — Game Music and Identity — Game Music and History — Open Worlds: Globalization, Localization and Video Game Music — Female Credit: Excavating Recognition for the Capcom Sound Team. |
| 520 ## - SUMARIO, ETC. |
| Sumario, etc. |
Video game music has been permeating popular culture for over forty years. Now, reaching billions of listeners, game music encompasses a diverse spectrum of musical materials and practices. This book provides a comprehensive, up-to-date survey of video game music by a diverse group of scholars and industry professionals. The chapters and summaries consolidate existing knowledge and present tools for readers to engage with the music in new ways. Many popular games are analysed, including Super Mario Galaxy, Bastion, The Last of Us, Kentucky Route Zero and the Katamari, Gran Turismo and Tales series. Topics include chiptunes, compositional processes, localization, history and game music concerts. The book also engages with other disciplines such as psychology, music analysis, business strategy and critical theory, and will prove an equally valuable resource for readers active in the industry, composers or designers, and music students and scholars. |
| 650 #0 - PUNTO DE ACCESO ADICIONAL DE MATERIA--TÉRMINO DE MATERIA |
| Término de materia o nombre geográfico como elemento de entrada |
Video game music |
| Subdivisión general |
History and criticism. |
| 650 #0 - PUNTO DE ACCESO ADICIONAL DE MATERIA--TÉRMINO DE MATERIA |
| Término de materia o nombre geográfico como elemento de entrada |
Computer game music |
| 9 (RLIN) |
26747 |
| 700 ## - ENTRADA AGREGADA--NOMBRE PERSONAL |
| Nombre de persona |
Fritsch, Melanie, |
| Término indicativo de función/relación |
editor. |
| 9 (RLIN) |
26748 |
| 700 ## - ENTRADA AGREGADA--NOMBRE PERSONAL |
| Nombre de persona |
Summers, Tim, |
| Fechas asociadas al nombre |
1987- |
| Término indicativo de función/relación |
editor. |
| 830 #0 - PUNTO DE ACCESO ADICIONAL DE SERIE-TÍTULO UNIFORME |
| Título uniforme |
Cambridge companions to music. |
| 942 ## - ELEMENTOS DE ENTRADA AGREGADA (KOHA) |
| Fuente del sistema de clasificación o colocación |
Clasificación de Library of Congress |